[Event "XIX Festival B"]
[Site "Robecchetto con Induno ITA"]
[Date "2008.12.27"]
[Round "1"]
[White "Brunetti, Alessandro"]
[Black "Santarelli, Sabatino"]
[Result "1-0"]
[WhiteElo "1940"]
[BlackElo "1692"]
[PlyCount "77"]
[EventDate "2008.12.27"]

1. d4 Nf6 2. c4 d5 3. cxd5 Nxd5 4. Nf3 Nc6 5. e4 Nb6 6. Bb5 Bd7 7. Nc3 e6 8. a3
a6 9. Bd3 Be7 10. O-O O-O 11. Be3 Rc8 12. Qe2 Qe8 13. Rfe1 Kh8 14. d5 Nd8 15.
Bxb6 cxb6 16. e5 exd5 17. Nxd5 Be6 18. Nxb6 Rc6 19. Nc4 Bxc4 20. Bxc4 Ne6 21.
Rac1 h6 22. Bxe6 fxe6 23. Qe4 Rb6 24. b4 Qb8 25. Qd4 Qd8 26. Qe3 Rb5 27. Qb3
Qb6 28. Qc4 Bg5 29. Rc2 Bd8 30. Rd1 Be7 31. Rd7 Re8 32. Qc7 Qxc7 33. Rcxc7 Rd5
34. Rxd5 exd5 35. Rd7 Rc8 36. g3 Rc3 37. Kg2 Bf8 38. e6 Rxa3 39. Rd8 1-0

[Event "XIX Festival B"]
[Site "Robecchetto con Induno ITA"]
[Date "2008.12.27"]
[Round "1"]
[White "Clerici, Samuele"]
[Black "Vuckovic, Dimitrije"]
[Result "1-0"]
[WhiteElo "1728"]
[BlackElo "1512"]
[PlyCount "109"]
[EventDate "2008.12.27"]

1. e4 c5 2. f4 d6 3. Nf3 g6 4. d4 Bg7 5. c3 cxd4 6. cxd4 Nf6 7. Nc3 a6 8. Bd3
e6 9. O-O O-O 10. e5 dxe5 11. fxe5 Nd5 12. Bg5 f6 13. Nxd5 fxg5 14. Ne3 Nc6 15.
Be4 Rf4 16. Bxc6 bxc6 17. g3 Rf7 18. Nc4 Bf8 19. Qd2 h6 20. b4 Rb8 21. a3 Bb7
22. Qd3 Kh7 23. Nxg5+ hxg5 24. Rxf7+ Kh6 25. Rf6 Qe8 26. Qf1 g4 27. Qf4+ Kg7
28. Qxg4 Be7 29. Rf2 Qd7 30. Raf1 Rf8 31. Rxf8 Bxf8 32. Qf4 Qd8 33. Qf6+ Qxf6
34. Rxf6 c5 35. dxc5 Bd5 36. Nd6 g5 37. Ne8+ Kg8 38. Nc7 Bc4 39. Rg6+ Kf7 40.
Rxg5 Bh6 41. Rg4 Be3+ 42. Kg2 Bd3 43. h4 Bc1 44. a4 Bf5 45. Rf4 Kg6 46. Rxf5
Kxf5 47. Nxa6 Kxe5 48. c6 Kd6 49. c7 Kd7 50. Kf3 Bd2 51. Nc5+ Kxc7 52. Nxe6+
Kd6 53. Nf4 Bxb4 54. h5 Ke5 55. Nd3+ 1-0

[Event "XIX Festival B"]
[Site "Robecchetto con Induno ITA"]
[Date "2008.12.27"]
[Round "1"]
[White "Colombo, Sandro"]
[Black "Puricelli, Giancarlo"]
[Result "1/2-1/2"]
[WhiteElo "1844"]
[BlackElo "1607"]
[PlyCount "48"]
[EventDate "2008.12.27"]

1. c4 c5 2. Nf3 Nf6 3. Nc3 Nc6 4. e3 d6 5. d4 cxd4 6. exd4 d5 7. Ne5 e6 8. Bg5
Be7 9. cxd5 Nxd5 10. Nxc6 bxc6 11. Bxe7 Qxe7 12. Be2 O-O 13. O-O Rb8 14. Nxd5
cxd5 15. b3 Qf6 16. a3 Qd8 17. Re1 Qb6 18. b4 Ba6 19. Rc1 Rfc8 20. Rc5 Bxe2 21.
Qxe2 Rxc5 22. dxc5 Qc6 23. Qe5 Rd8 24. h4 d4 1/2-1/2

[Event "XIX Festival B"]
[Site "Robecchetto con Induno ITA"]
[Date "2008.12.27"]
[Round "1"]
[White "Corti, Filippo"]
[Black "Loaldi, Davide"]
[Result "1/2-1/2"]
[WhiteElo "1706"]
[BlackElo "1434"]
[PlyCount "44"]
[EventDate "2008.12.27"]

1. Nf3 Nf6 2. g3 e6 3. Bg2 d5 4. d3 Be7 5. a3 c5 6. Nbd2 Nc6 7. O-O O-O 8. e4
Qc7 9. exd5 exd5 10. Re1 Bd6 11. Nf1 h6 12. d4 cxd4 13. Nxd4 Nxd4 14. Qxd4 Qxc2
15. Ne3 Qc7 16. Nxd5 Nxd5 17. Qxd5 Bc5 18. Be3 Bxe3 19. Rxe3 Rb8 20. Qe5 Qxe5
21. Rxe5 Be6 22. b3 b6 1/2-1/2

[Event "XIX Festival B"]
[Site "Robecchetto con Induno ITA"]
[Date "2008.12.27"]
[Round "1"]
[White "Epitome, Nando"]
[Black "Primerano, Carlo"]
[Result "1-0"]
[WhiteElo "1470"]
[BlackElo "1725"]
[PlyCount "91"]
[EventDate "2008.12.27"]

1. d4 Nf6 2. c4 e6 3. Nc3 Bb4 4. Bd2 O-O 5. e3 b6 6. Nf3 Bb7 7. Be2 c5 8. O-O
cxd4 9. exd4 d6 10. a3 Bxc3 11. Bxc3 Nbd7 12. Bb4 Qc7 13. Rc1 a5 14. Bd2 Rac8
15. h3 Qb8 16. b4 Qa8 17. Bf4 Ne4 18. Re1 Rfd8 19. Bd3 Ndf6 20. Re3 Rd7 21. Qe2
h6 22. g4 Kh8 23. Bh2 axb4 24. axb4 Qa3 25. Qc2 Qa8 26. Rce1 Nd5 27. Bxe4 Nxb4
28. Qb3 Nc6 29. Bxc6 Bxc6 30. Nd2 Ra7 31. Bxd6 Rd8 32. c5 bxc5 33. dxc5 Ra2 34.
Nf3 Bd5 35. Qc3 Rd7 36. Ne5 Rb7 37. R3e2 Ra3 38. Qd4 Rxh3 39. f3 Qd8 40. Rh2
Rg3+ 41. Kf2 Rxf3+ 42. Nxf3 Rb3 43. Re3 Rb1 44. g5 Qa8 45. gxh6 Qa2+ 46. Re2
1-0

[Event "XIX Festival B"]
[Site "Robecchetto con Induno ITA"]
[Date "2008.12.27"]
[Round "1"]
[White "Folcini, Gaddo"]
[Black "Cervini, Gian Piero"]
[Result "0-1"]
[WhiteElo "1523"]
[BlackElo "1768"]
[PlyCount "66"]
[EventDate "2008.12.27"]

1. d4 Nf6 2. e4 d6 3. Nc3 g6 4. Be2 Bg7 5. Bg5 Nc6 6. Qd2 e5 7. d5 Nd4 8. Nf3
Nxf3+ 9. gxf3 Bd7 10. O-O-O h6 11. Be3 a6 12. Rdg1 Nh5 13. h4 Qf6 14. Bd1 O-O-O
15. Be2 Nf4 16. Bc4 g5 17. a4 gxh4 18. Kb1 Nh3 19. Qd3 Rdg8 20. Bxa6 bxa6 21.
Qxa6+ Kd8 22. Rd1 Qxf3 23. Qf1 Bf6 24. Rd3 Nf4 25. Bxf4 Qxf4 26. a5 Ke7 27. a6
Ra8 28. Re3 Ra7 29. b4 Rg8 30. f3 Qxe3 31. Kb2 Rg3 32. b5 Rxf3 33. Qc4 Qxc3+
0-1

[Event "XIX Festival B"]
[Site "Robecchetto con Induno ITA"]
[Date "2008.12.27"]
[Round "1"]
[White "Foroni, Francesco"]
[Black "Longo, Giovanni"]
[Result "1/2-1/2"]
[WhiteElo "1873"]
[BlackElo "1670"]
[PlyCount "30"]
[EventDate "2008.12.27"]

1. Nf3 Nf6 2. d4 d5 3. e3 Bg4 4. c4 c6 5. Nc3 e6 6. Qb3 Qc7 7. Ne5 Bf5 8. cxd5
exd5 9. Bd2 Bd6 10. Bd3 Bxd3 11. Nxd3 Nbd7 12. Rc1 Qb6 13. Qxb6 axb6 14. O-O
O-O 15. Rfd1 Rfe8 1/2-1/2

[Event "XIX Festival B"]
[Site "Robecchetto con Induno ITA"]
[Date "2008.12.27"]
[Round "1"]
[White "Griffini, Andrea"]
[Black "Recanatini, Italo"]
[Result "0-1"]
[WhiteElo "1687"]
[BlackElo "1897"]
[PlyCount "72"]
[EventDate "2008.12.27"]

1. e4 d5 2. exd5 Qxd5 3. c4 Qa5 4. Nc3 c6 5. Be2 Nf6 6. d4 Bf5 7. Nf3 e6 8. Bd2
Qc7 9. O-O Be7 10. a3 Nbd7 11. Rc1 a6 12. d5 exd5 13. cxd5 O-O 14. dxc6 bxc6
15. Re1 Rfe8 16. Nd4 Bg6 17. Bf3 Ne5 18. Bf4 Nxf3+ 19. Qxf3 Bd6 20. Rxe8+ Rxe8
21. Bxd6 Qxd6 22. Nxc6 Qd2 23. Qd1 Qxb2 24. h3 Qxa3 25. Ne2 Rxe2 26. Ra1 Qd3
27. Qc1 h6 28. Nb4 Qd2 29. Qc5 Re1+ 30. Rxe1 Qxe1+ 31. Kh2 Ne4 32. Qc8+ Kh7 33.
Nd5 Nxf2 34. Qxa6 Qh1+ 35. Kg3 Ne4+ 36. Kg4 Qxg2+ 0-1

[Event "XIX Festival B"]
[Site "Robecchetto con Induno ITA"]
[Date "2008.12.27"]
[Round "1"]
[White "Macchiettini, Pierangelo"]
[Black "Rossi, Giampiero"]
[Result "1/2-1/2"]
[WhiteElo "1706"]
[BlackElo "1984"]
[PlyCount "61"]
[EventDate "2008.12.27"]

1. d4 d5 2. Nf3 c6 3. e3 Bf5 4. c4 e6 5. a3 Nd7 6. Nc3 Ngf6 7. Be2 h6 8. O-O
Be7 9. cxd5 exd5 10. Bd2 O-O 11. Rc1 Re8 12. b4 a6 13. Be1 Rc8 14. Bd3 Bxd3 15.
Qxd3 Bd6 16. h3 Qe7 17. Na4 Ne4 18. Bd2 Ndf6 19. Nb6 Rcd8 20. Na4 Nxd2 21. Qxd2
Ne4 22. Qd3 Bb8 23. Nc5 Rd6 24. Qc2 Rg6 25. Nd3 Qe6 26. Nde5 Bxe5 27. Nxe5 Rf6
28. f4 Qd6 29. f5 Rxe5 30. dxe5 Qxe5 31. Rce1 1/2-1/2

[Event "XIX Festival B"]
[Site "Robecchetto con Induno ITA"]
[Date "2008.12.27"]
[Round "1"]
[White "Madaschi, Sergio"]
[Black "Ragoso, Mario"]
[Result "0-1"]
[WhiteElo "1619"]
[BlackElo "1845"]
[PlyCount "86"]
[EventDate "2008.12.27"]

1. e4 e5 2. Nf3 Nc6 3. Bb5 a6 4. Ba4 Nf6 5. O-O Be7 6. Re1 b5 7. Bb3 O-O 8. c3
d5 9. exd5 e4 10. Ng5 Bg4 11. Qc2 Na5 12. Nxe4 Nxb3 13. Nxf6+ Bxf6 14. Qxb3 Re8
15. Rf1 Be2 16. Re1 Qd6 17. d4 Re4 18. Be3 Bc4 19. Qc2 Bxd5 20. Nd2 Rg4 21. f3
Rg6 22. Ne4 Qc6 23. a3 Re8 24. Bf2 Bd8 25. Kh1 h5 26. Ng3 Be7 27. Ne4 h4 28. h3
Rh6 29. Be3 Rh7 30. Ng5 Rh5 31. Ne4 f5 32. Nd2 Rf8 33. Bf4 Bg5 34. Bxg5 Rxg5
35. Re5 Rf6 36. Qd3 Rfg6 37. Rg1 Qd7 38. Qe3 Be6 39. f4 Rg3 40. Nf3 Bd5 41.
Re8+ Kh7 42. Re7 Qc6 43. Ng5+ R6xg5 0-1

[Event "XIX Festival B"]
[Site "Robecchetto con Induno ITA"]
[Date "2008.12.27"]
[Round "1"]
[White "Mondini, Francesco"]
[Black "Attuati, Stefano"]
[Result "0-1"]
[WhiteElo "1556"]
[BlackElo "1778"]
[PlyCount "56"]
[EventDate "2008.12.27"]

1. e4 e5 2. Nf3 Nc6 3. Bc4 Bc5 4. O-O Nf6 5. d3 d6 6. a3 a6 7. Nc3 O-O 8. h3
Be6 9. Ba2 Bxa2 10. Rxa2 h6 11. Bd2 d5 12. b4 Bb6 13. Qb1 dxe4 14. Nxe4 Nxe4
15. dxe4 f5 16. exf5 e4 17. b5 axb5 18. Bb4 Nxb4 19. Rd1 Qe7 20. Qb3+ Kh8 21.
axb4 Rxa2 22. Qxa2 exf3 23. Qd5 fxg2 24. Kxg2 Qg5+ 25. Kh1 Rxf5 26. Qe4 Rxf2
27. Rg1 Rh2+ 28. Kxh2 Qxg1# 0-1

[Event "XIX Festival B"]
[Site "Robecchetto con Induno ITA"]
[Date "2008.12.27"]
[Round "1"]
[White "Moroni, Luca jr"]
[Black "Gonella, Daniele"]
[Result "1-0"]
[WhiteElo "1515"]
[BlackElo "1736"]
[PlyCount "145"]
[EventDate "2008.12.27"]

1. e4 e5 2. Nf3 Nc6 3. Bc4 Nf6 4. d3 d5 5. exd5 Nxd5 6. O-O Bc5 7. Bxd5 Qxd5 8.
Nc3 Qd8 9. Re1 Bg4 10. Be3 Bxe3 11. Rxe3 O-O 12. Qd2 Bxf3 13. Rxf3 Nd4 14. Rg3
c6 15. Ne2 Nxe2+ 16. Qxe2 Qd6 17. Rd1 Rae8 18. Re3 Re7 19. Re1 Rfe8 20. c3 Re6
21. Qd2 e4 22. d4 c5 23. Rd1 Rd8 24. Re2 cxd4 25. Qxd4 Qxd4 26. Rxd4 Rxd4 27.
cxd4 f5 28. f3 Kf7 29. fxe4 Rxe4 30. Rd2 Ke6 31. b3 Kd5 32. Rc2 Kd6 33. Rd2 g5
34. h3 h5 35. Kf2 g4 36. hxg4 hxg4 37. Kg3 Kd5 38. Rf2 Ke6 39. Rd2 Kf6 40. d5
Kg5 41. d6 f4+ 42. Kh2 g3+ 43. Kh3 Re8 44. Rd5+ Kf6 45. Kg4 Ke6 46. Rd2 Rf8 47.
d7 Ke7 48. d8=Q+ Rxd8 49. Rxd8 Kxd8 50. Kxf4 Kd7 51. Kxg3 b5 52. Kf4 Kd6 53.
Ke4 Kc5 54. g4 Kb4 55. g5 Ka3 56. g6 Kxa2 57. g7 Kxb3 58. g8=Q+ Kb4 59. Kd3 a5
60. Kc2 a4 61. Kb1 Kc3 62. Qa2 Kb4 63. Kc2 Ka5 64. Kc3 b4+ 65. Kc4 b3 66. Qb2
Kb6 67. Kb4 Ka6 68. Kxa4 Ka7 69. Qxb3 Ka6 70. Qb5+ Ka7 71. Qc6 Kb8 72. Qd7 Ka8
73. Kb5 1-0

[Event "XIX Festival B"]
[Site "Robecchetto con Induno ITA"]
[Date "2008.12.27"]
[Round "1"]
[White "Petetta, Roberto"]
[Black "Barrera, Pietro"]
[Result "0-1"]
[WhiteElo "1656"]
[BlackElo "1866"]
[PlyCount "54"]
[EventDate "2008.12.27"]

1. e4 c5 2. f4 Nc6 3. Nf3 d6 4. Bc4 Nf6 5. d3 g6 6. O-O Bg7 7. c3 O-O 8. Kh1
Rb8 9. a3 b5 10. Ba2 Bb7 11. f5 Ne5 12. fxg6 hxg6 13. Nxe5 dxe5 14. Be3 Qd6 15.
a4 a6 16. Na3 Qc6 17. Qf3 Rbd8 18. Rad1 Rd6 19. Qf2 c4 20. Bc5 Rxd3 21. Bxe7
Nxe4 22. Qe2 Rxd1 23. Rxd1 Re8 24. axb5 axb5 25. Bb4 Qb6 26. Rf1 Rd8 27. Qf3
Nf2+ 0-1

[Event "XIX Festival B"]
[Site "Robecchetto con Induno ITA"]
[Date "2008.12.27"]
[Round "1"]
[White "Poletto, Daniele"]
[Black "Panades, Ignazio"]
[Result "1/2-1/2"]
[WhiteElo "1799"]
[BlackElo "1584"]
[PlyCount "31"]
[EventDate "2008.12.27"]

1. c4 c5 2. Nc3 d6 3. g3 Nc6 4. Bg2 Bd7 5. e4 e6 6. Nge2 Nf6 7. O-O Rb8 8. a3
Be7 9. h3 O-O 10. d3 a6 11. f4 Qc8 12. Kh2 b5 13. cxb5 axb5 14. d4 c4 15. e5
Ne8 16. d5 1/2-1/2

[Event "XIX Festival B"]
[Site "Robecchetto con Induno ITA"]
[Date "2008.12.27"]
[Round "1"]
[White "Porzio, Massimo"]
[Black "Albrizio, Mauro"]
[Result "1-0"]
[WhiteElo "1866"]
[BlackElo "1644"]
[PlyCount "73"]
[EventDate "2008.12.27"]

1. e4 e6 2. d4 d5 3. Nd2 dxe4 4. Nxe4 Nd7 5. Nf3 Ngf6 6. Nxf6+ Nxf6 7. c3 Be7
8. Ne5 O-O 9. Bd3 c5 10. dxc5 Bxc5 11. O-O Bd7 12. Bg5 Bc6 13. Nxc6 bxc6 14.
Qf3 Qd5 15. Qxd5 cxd5 16. b4 Be7 17. Rab1 Rfc8 18. Rfc1 h6 19. Bf4 Ne8 20. Ba6
Rd8 21. Bb7 Nd6 22. Bxd6 Bxd6 23. Bxa8 Rxa8 24. c4 d4 25. c5 Bc7 26. b5 Rb8 27.
a4 Ba5 28. Kf1 Kf8 29. b6 axb6 30. cxb6 Rxb6 31. Rxb6 Bxb6 32. Rb1 Bc7 33. Rb7
Bxh2 34. g3 Ke8 35. a5 d3 36. a6 d2 37. Rb1 1-0

[Event "XIX Festival B"]
[Site "Robecchetto con Induno ITA"]
[Date "2008.12.27"]
[Round "1"]
[White "Rigotti, Gianluigi"]
[Black "Tamassia, Gabriele"]
[Result "0-1"]
[WhiteElo "1595"]
[BlackElo "1810"]
[PlyCount "86"]
[EventDate "2008.12.27"]

1. e4 e6 2. d4 d5 3. e5 c5 4. c3 Nc6 5. Bb5 Bd7 6. Bxc6 Bxc6 7. Nf3 Qb6 8. O-O
Ne7 9. dxc5 Qxc5 10. Qd4 Ng6 11. b4 Qxd4 12. cxd4 Bxb4 13. Bd2 Bxd2 14. Nfxd2
O-O 15. Nb3 b6 16. g3 Bb5 17. Rc1 Rac8 18. N1d2 Bd3 19. a4 Bc4 20. a5 Rc7 21.
axb6 axb6 22. f4 Rfc8 23. Kf2 h5 24. Ke3 Ne7 25. Nxc4 dxc4 26. Nd2 Nd5+ 27. Ke4
b5 28. Ra5 b4 29. Rc5 Nc3+ 30. Ke3 Rxc5 31. dxc5 Rxc5 32. Ne4 Nxe4 33. Kxe4 c3
34. Kd4 Rc8 35. Kd3 Kf8 36. Kc2 Ke7 37. Rd1 Rd8 38. Rc1 f6 39. Kb3 Rb8 40. Ra1
Rb7 41. Ra5 Rc7 42. exf6+ Kxf6 43. Kxb4 c2 0-1

[Event "XIX Festival B"]
[Site "Robecchetto con Induno ITA"]
[Date "2008.12.27"]
[Round "1"]
[White "Rossini, Luca"]
[Black "Rossi, Enrico"]
[Result "1-0"]
[WhiteElo "1778"]
[BlackElo "1546"]
[PlyCount "83"]
[EventDate "2008.12.27"]

1. d4 Nf6 2. c4 g6 3. Nc3 Bg7 4. e4 d6 5. f3 O-O 6. Be3 Nbd7 7. Qd2 Re8 8.
O-O-O a5 9. Nge2 Nb6 10. Ng3 Bd7 11. h4 Na4 12. Nb1 c6 13. h5 b5 14. hxg6 hxg6
15. Bh6 Bh8 16. Bf8 Rxf8 17. Qh6 Bg7 18. Qh4 e5 19. dxe5 dxe5 20. f4 Qe7 21. f5
Qc5 22. Rxd7 Qe3+ 23. Rd2 Rfd8 24. Be2 Nxb2 25. Nf1 Qc5 26. Rxb2 bxc4 27. Rc2
Rd4 28. Nfd2 Rad8 29. Nb3 Qb4 30. Nxd4 exd4 31. Rxc4 Qb6 32. Rd1 c5 33. e5 Nd5
34. f6 Bh8 35. Rh1 Bxf6 36. exf6 Qxf6 37. Qh7+ Kf8 38. Qh8+ Ke7 39. Qxf6+ Nxf6
40. Rxc5 d3 41. Bf3 Nh5 42. Bxh5 1-0

[Event "XIX Festival B"]
[Site "Robecchetto con Induno ITA"]
[Date "2008.12.27"]
[Round "1"]
[White "Torretta, Gilberto"]
[Black "Vinciguerra, Riccardo"]
[Result "1/2-1/2"]
[WhiteElo "1765"]
[BlackElo "1523"]
[PlyCount "63"]
[EventDate "2008.12.27"]

1. e4 d5 2. exd5 Qxd5 3. d4 Nf6 4. Nc3 Qd6 5. Nf3 c6 6. h3 Bf5 7. Bc4 e6 8. O-O
Be7 9. Re1 Nbd7 10. Ne2 Nb6 11. Bb3 O-O 12. Bf4 Qd8 13. Ng3 h6 14. Nxf5 exf5
15. c3 Re8 16. Qd3 Ne4 17. Bc2 Bd6 18. Ne5 Qh4 19. Bg3 Nxg3 20. fxg3 Qg5 21.
Qxf5 Qxf5 22. Bxf5 Nd5 23. Kf2 Bxe5 24. Rxe5 Rxe5 25. dxe5 Re8 26. Re1 Kf8 27.
Bd7 Re7 28. e6 Nf6 29. Bc8 Rc7 30. e7+ Ke8 31. Bf5 Nd5 32. Bc2 1/2-1/2

[Event "XIX Festival B"]
[Site "Robecchetto con Induno ITA"]
[Date "2008.12.27"]
[Round "1"]
[White "Zito, Riccardo"]
[Black "Fizzotti, Mario"]
[Result "1-0"]
[WhiteElo "1575"]
[BlackElo "1795"]
[PlyCount "93"]
[EventDate "2008.12.27"]

1. e4 e5 2. Nf3 Nf6 3. Nxe5 d6 4. Nf3 Nxe4 5. d4 d5 6. Bd3 Be7 7. O-O Nc6 8. c4
Nb4 9. cxd5 Nxd3 10. Qxd3 Qxd5 11. Re1 Bf5 12. Nc3 Nxc3 13. Qxc3 c6 14. Bh6
gxh6 15. Re5 Qd7 16. Rae1 Be6 17. d5 cxd5 18. Rxe6 fxe6 19. Qxh8+ Bf8 20. Qf6
Rc8 21. Rxe6+ Be7 22. h3 Kd8 23. Qxh6 d4 24. Ne5 Rc1+ 25. Kh2 Qc7 26. Qxh7 Rh1+
27. Kg3 Qc5 28. Qg8+ Kc7 29. Qg7 Kd8 30. Nf7+ Kd7 31. Qe5 Qxe5+ 32. Rxe5 Bd6
33. Nxd6 Kxd6 34. Re2 Ra1 35. a3 Rd1 36. Kf3 Kd5 37. Rc2 Rd3+ 38. Ke2 Rb3 39.
Rd2 Ke4 40. f3+ Kd5 41. h4 Kc4 42. h5 Re3+ 43. Kf2 Re5 44. g4 d3 45. h6 Re8 46.
g5 Rg8 47. h7 1-0

[Event "XIX Festival B"]
[Site "Robecchetto con Induno ITA"]
[Date "2008.12.28"]
[Round "2"]
[White "Albrizio, Mauro"]
[Black "Folcini, Gaddo"]
[Result "1-0"]
[WhiteElo "1644"]
[BlackElo "1523"]
[PlyCount "81"]
[EventDate "2008.12.27"]

1. e4 e5 2. Nf3 d5 3. exd5 e4 4. Ng1 Nf6 5. Nc3 Bc5 6. d4 Bb6 7. Bg5 O-O 8. Bb5
c6 9. dxc6 Nxc6 10. Bxc6 bxc6 11. Nge2 Re8 12. O-O Qd6 13. Na4 Bc7 14. Bf4 Qe7
15. Bxc7 Qxc7 16. Qd2 Rb8 17. c4 Bf5 18. Nc5 Rb6 19. Ng3 Ng4 20. Rae1 Bg6 21.
h3 Nf6 22. Re2 h5 23. Rfe1 h4 24. Ngxe4 Nh5 25. Ng5 Rf8 26. Re7 Qc8 27. Nd7 Rb7
28. Nxf8 Rxe7 29. Rxe7 Qxf8 30. Rxa7 Qe8 31. Qa5 Ng3 32. fxg3 Qe3+ 33. Kh1 Qc1+
34. Kh2 hxg3+ 35. Kxg3 Qe3+ 36. Nf3 Kh7 37. Qd8 f5 38. Qh4+ Kg8 39. Ra8+ Kf7
40. Qf4 Qd3 41. Qc7+ 1-0

[Event "XIX Festival B"]
[Site "Robecchetto con Induno ITA"]
[Date "2008.12.28"]
[Round "2"]
[White "Attuati, Stefano"]
[Black "Bencivenga, Antonio"]
[Result "1-0"]
[WhiteElo "1778"]
[BlackElo "1407"]
[PlyCount "127"]
[EventDate "2008.12.27"]

1. e4 d6 2. d4 Nf6 3. Nd2 g6 4. Ngf3 Bg7 5. Bc4 O-O 6. O-O Nxe4 7. Nxe4 d5 8.
Bd3 dxe4 9. Bxe4 Nc6 10. c3 e5 11. Bxc6 bxc6 12. dxe5 Bg4 13. Bf4 Qd5 14. h3
Bxf3 15. Qxf3 Qxf3 16. gxf3 Rad8 17. Be3 a6 18. f4 Rd5 19. Rad1 Rfd8 20. Rd4 c5
21. Ra4 Ra8 22. Ra5 Bf8 23. Kg2 c6 24. c4 Rd7 25. Bxc5 Rd2 26. Bxf8 Kxf8 27. b3
Ke8 28. Re1 Kd7 29. Kf3 Kc7 30. Ke3 Rd7 31. c5 Kb7 32. Ra4 Rad8 33. Ke4 Rd3 34.
Re3 Rd2 35. Kf3 h5 36. e6 fxe6 37. Rxe6 R2d3+ 38. Re3 R3d5 39. Re7+ R8d7 40.
Rxd7+ Rxd7 41. Re4 a5 42. Ke3 Ka6 43. Rd4 Re7+ 44. Kf3 Kb5 45. Re4 Rxe4 46.
Kxe4 Kxc5 47. f5 gxf5+ 48. Kxf5 a4 49. Ke5 axb3 50. axb3 Kb4 51. f4 c5 52. f5
Kxb3 53. f6 c4 54. f7 c3 55. f8=Q c2 56. Qc8 Kb2 57. Qb7+ Kc3 58. Qc6+ Kb2 59.
Qb5+ Kc3 60. Qc5+ Kd2 61. Qd4+ Kc1 62. Ke4 Kb1 63. Qb4+ Kc1 64. Kd3 1-0

[Event "XIX Festival B"]
[Site "Robecchetto con Induno ITA"]
[Date "2008.12.28"]
[Round "2"]
[White "Barrera, Pietro"]
[Black "Alberio, Silvio"]
[Result "1/2-1/2"]
[WhiteElo "1866"]
[BlackElo "1720"]
[PlyCount "88"]
[EventDate "2008.12.27"]

1. d4 Nf6 2. Nf3 g6 3. Bg5 Ne4 4. Bh4 Bg7 5. Nbd2 Nxd2 6. Qxd2 O-O 7. e3 d5 8.
Be2 Nd7 9. Qb4 Bf6 10. Bg3 c6 11. c4 Qb6 12. Qd2 dxc4 13. Bxc4 c5 14. O-O cxd4
15. exd4 Rd8 16. Qe2 Nf8 17. Ne5 Be6 18. Rad1 Bd5 19. Bxd5 Rxd5 20. Qe4 Rad8
21. Ng4 Ne6 22. b3 Bg7 23. Rfe1 Rxd4 24. Rxd4 Rxd4 25. Qe2 Qb4 26. Ne5 Qd2 27.
Qf1 Qxa2 28. Qb5 Qd2 29. Qe8+ Bf8 30. Qxf7+ Kh8 31. Nxg6+ hxg6 32. Be5+ Bg7 33.
Bxg7+ Nxg7 34. Qxe7 Qb4 35. Qe3 Qd6 36. Qc1 Kh7 37. g3 Ne6 38. h4 Nc5 39. Qb1
Ne4 40. h5 Nd2 41. hxg6+ Qxg6 42. Re7+ Kh6 43. Qxg6+ Kxg6 44. Rxb7 a5 1/2-1/2

[Event "XIX Festival B"]
[Site "Robecchetto con Induno ITA"]
[Date "2008.12.28"]
[Round "2"]
[White "Cervini, Gian Piero"]
[Black "Brunetti, Alessandro"]
[Result "0-1"]
[WhiteElo "1768"]
[BlackElo "1940"]
[PlyCount "50"]
[EventDate "2008.12.27"]

1. e4 e6 2. d4 d5 3. Nc3 dxe4 4. Nxe4 Bd7 5. Nf3 Bc6 6. Bd3 Nd7 7. Qe2 Be7 8.
Bf4 Ngf6 9. Ne5 Bxe4 10. Bxe4 Nxe4 11. Qxe4 c6 12. O-O Nf6 13. Qd3 O-O 14. c4
Qb6 15. b4 Rfd8 16. Be3 Qc7 17. f4 Bxb4 18. g4 Bd6 19. g5 Bxe5 20. fxe5 Nd7 21.
Rxf7 Rf8 22. Rxf8+ Rxf8 23. g6 h6 24. Bg5 Nxe5 25. Qh3 Nf3+ 0-1

[Event "XIX Festival B"]
[Site "Robecchetto con Induno ITA"]
[Date "2008.12.28"]
[Round "2"]
[White "Colombo, Maurizio"]
[Black "Porzio, Massimo"]
[Result "0-1"]
[WhiteElo "1718"]
[BlackElo "1866"]
[PlyCount "100"]
[EventDate "2008.12.27"]

1. d4 d5 2. c4 e6 3. Nc3 Nf6 4. cxd5 exd5 5. Bg5 Be7 6. Qc2 c6 7. Nf3 h6 8. Bh4
O-O 9. e3 Ne4 10. Bxe7 Qxe7 11. Nxe4 dxe4 12. Ne5 Qb4+ 13. Qd2 Qxd2+ 14. Kxd2
Nd7 15. Nxd7 Bxd7 16. Rc1 Be6 17. a3 f5 18. g3 Rfd8 19. Bc4 Bxc4 20. Rxc4 Rd5
21. Rhc1 Rad8 22. h4 Kf7 23. R1c3 R8d7 24. Ke2 g5 25. hxg5 hxg5 26. Rc5 Rxc5
27. Rxc5 Rd5 28. Rxd5 cxd5 29. Kd2 b6 30. Kc3 Kg6 31. Kd2 Kh5 32. Ke2 Kg4 33.
b3 a6 34. Ke1 f4 35. gxf4 gxf4 36. exf4 Kxf4 37. Ke2 Kg4 38. Ke3 Kg5 39. Kd2
Kf5 40. Ke1 Kg4 41. Ke2 Kf4 42. b4 b5 43. Kd2 Kf3 44. Ke1 e3 45. Kf1 Ke4 46.
fxe3 Kxe3 47. Ke1 Kxd4 48. Kd2 Kc4 49. Kc2 d4 50. Kd2 Kb3 0-1

[Event "XIX Festival B"]
[Site "Robecchetto con Induno ITA"]
[Date "2008.12.28"]
[Round "2"]
[White "Fizzotti, Mario"]
[Black "Macchiettini, Pierangelo"]
[Result "1-0"]
[WhiteElo "1795"]
[BlackElo "1706"]
[PlyCount "115"]
[EventDate "2008.12.27"]

1. d4 d5 2. c4 c6 3. Nf3 Nf6 4. Nc3 Bf5 5. Qb3 Bc8 6. Bg5 dxc4 7. Qxc4 e6 8. e3
Be7 9. Bd3 Nbd7 10. O-O h6 11. Bh4 Nd5 12. Bg3 O-O 13. e4 N5f6 14. b4 a6 15. a4
Nh5 16. b5 Nxg3 17. hxg3 cxb5 18. axb5 a5 19. Na4 b6 20. Rac1 Bb7 21. Qc7 Rb8
22. Rfd1 Ba8 23. Qxd8 Rfxd8 24. Rc7 Rb7 25. Rdc1 Rxc7 26. Rxc7 Bd6 27. Rc4 f6
28. Nd2 Kf8 29. f4 Ke7 30. e5 fxe5 31. fxe5 Bb8 32. Be4 Bxe4 33. Nxe4 Ba7 34.
Kf2 Rf8+ 35. Ke3 Rf1 36. Nd6 Bb8 37. Nc8+ Kd8 38. Ncxb6 Nxb6 39. Nxb6 Bc7 40.
Na8 Bb8 41. b6 Rb1 42. Rc3 a4 43. Kd3 Rb2 44. Kc4 Kc8 45. Ra3 Rxg2 46. Kb5 Kb7
47. Nc7 Rb2+ 48. Kxa4 Rxb6 49. Ne8 g6 50. Rb3 Bc7 51. Ng7 Ka7 52. Rxb6 Kxb6 53.
Nxe6 Kb7 54. Kb5 h5 55. Kc4 Kc6 56. Nf4 g5 57. Nxh5 Bd8 58. g4 1-0

[Event "XIX Festival B"]
[Site "Robecchetto con Induno ITA"]
[Date "2008.12.28"]
[Round "2"]
[White "Loaldi, Davide"]
[Black "Torretta, Gilberto"]
[Result "0-1"]
[WhiteElo "1434"]
[BlackElo "1765"]
[PlyCount "42"]
[EventDate "2008.12.27"]

1. e4 e5 2. Nf3 Nc6 3. Bb5 a6 4. Ba4 Nf6 5. O-O Nxe4 6. Re1 Nc5 7. Nxe5 Nxe5 8.
Rxe5+ Be7 9. c3 Nxa4 10. Qxa4 O-O 11. Re1 d5 12. d4 Bf5 13. Qb3 Bd6 14. f4 Qh4
15. Qd1 Rae8 16. Rf1 Bg4 17. Qb3 Re1 18. g3 Rxf1+ 19. Kxf1 Qxh2 20. Qxd5 Qe2+
21. Kg1 Bf3 0-1

[Event "XIX Festival B"]
[Site "Robecchetto con Induno ITA"]
[Date "2008.12.28"]
[Round "2"]
[White "Longo, Giovanni"]
[Black "Colombo, Sandro"]
[Result "0-1"]
[WhiteElo "1670"]
[BlackElo "1844"]
[PlyCount "62"]
[EventDate "2008.12.27"]

1. e4 c5 2. Nf3 Nc6 3. Bb5 e6 4. Bxc6 bxc6 5. O-O Nf6 6. e5 Nd5 7. c4 Nb6 8. b3
d5 9. d3 Nd7 10. Ng5 Nxe5 11. f4 Ng6 12. Qe2 dxc4 13. Bb2 Qxd3 14. Qf3 Qxf3 15.
Rxf3 f6 16. Nh3 e5 17. fxe5 Nxe5 18. Bxe5 Bxh3 19. Bxf6 Bxg2 20. Kxg2 gxf6 21.
bxc4 Rb8 22. Rf2 Rb4 23. Nd2 Rb2 24. Ne4 Rg8+ 25. Kf3 Rxf2+ 26. Kxf2 Kf7 27.
Rb1 Rg4 28. Rb7+ Kg6 29. Nd2 Bh6 30. Rd7 Bxd2 31. Rxd2 Rxc4 0-1

[Event "XIX Festival B"]
[Site "Robecchetto con Induno ITA"]
[Date "2008.12.28"]
[Round "2"]
[White "Megassini, Stefano"]
[Black "Rossini, Luca"]
[Result "1-0"]
[WhiteElo "1557"]
[BlackElo "1778"]
[PlyCount "77"]
[EventDate "2008.12.27"]

1. d4 Nf6 2. c4 e6 3. Nc3 d5 4. Nf3 Nbd7 5. Bg5 Be7 6. e3 O-O 7. Bd3 dxc4 8.
Bxc4 b6 9. Rc1 Bb7 10. O-O Rc8 11. Qe2 c5 12. Ba6 Bxa6 13. Qxa6 Rc7 14. Bf4 Qc8
15. Qxc8 Rcxc8 16. Nb5 a5 17. Bd6 Bxd6 18. Nxd6 Rc6 19. Nb5 Nd5 20. Rfd1 Nc7
21. dxc5 Nxb5 22. Rxd7 Rxc5 23. Rxc5 bxc5 24. a4 Nd4 25. exd4 cxd4 26. Rxd4 Rc8
27. g3 h6 28. b4 axb4 29. Rxb4 Rc1+ 30. Kg2 Ra1 31. Nd2 Kf8 32. Nc4 Ke7 33. a5
Kd7 34. Rb7+ Ke8 35. Ra7 Kd8 36. Nb6 f5 37. a6 Rb1 38. Rb7 Ra1 39. a7 1-0